| 000 | 01876nab a2200301 a 4500 | ||
|---|---|---|---|
| 005 | 20250523110512.0 | ||
| 008 | 991125c2016 sp tr p o 000 0 spa d | ||
| 035 | _aUPN01000210430 | ||
| 040 |
_aMX-MxUPN _bspa _cMX-MxUPN _eaacr2 |
||
| 049 | _aART-E | ||
| 100 | 1 | _aAntón San Martín, Jose Miguel | |
| 100 | 1 | _ujma-sanmartin@telefonica.net | |
| 100 | 1 | _aSeguí Durán, David | |
| 100 | 1 | _aAntón Torre, Laura | |
| 100 | 1 | _aBarrera Palacios, Ana | |
| 245 | 1 | 0 | _aRelación entre estilos parentales, intensidad psicopatológica y tipo de sintomatología en una muestra clínica adolescente |
| 506 | 0 | _aAcceso abierto | |
| 520 | 3 | _aSe realizó una investigación con el objetivo de analizar la relación entre los estilos parentales percibidos, la intensidad de la psicopatología presentada y las dimensiones sintomáticas internalizante - externalizante en una muestra clínica de adolescentes con edades com prendidas entre los 13 y los 18 años. Los resultados hallados indican que la intensidad psicopatológica está asociada con la edad, a mayor edad mayor intensidad, y con el género femenino. Solamente dos dimensiones del estilo parental percibido se hallaron relacionadas con la intensidad psicopatológica: el control psicológico de forma negativa y el humor, de forma positiva. Al contrario que en otros estudios consultados, la dimensión control psicológico apareció vinculada con sintomatología externalizante y no con la internalizante. | |
| 650 | 4 |
_aAdolescencia _91008 |
|
| 650 | 7 |
_aPsicopatología _945619 |
|
| 650 | 4 |
_aGénero _95712 |
|
| 653 | 0 | _aEstilos parentales | |
| 773 |
_g Vol. 32, no. 2 (2016), p. 417-423 _tAnales de psicología = Annals of psychology _x1695-2294 |
||
| 856 | 4 | _uhttps://revistas.um.es/analesps/article/view/analesps.32.2.205061 | |
| 902 | _aGloria Jiménez/230525 | ||
| 905 | _aArticulo | ||
| 942 | _cART-E | ||
| 999 |
_c182531 _d182531 |
||